Culture Générale Marvin n°1 - Statistiques

Statistiques générales
  • Ce quiz a été pris 48 fois
  • Le résultat moyen est 8 sur 20
Statistiques - réponses
Hint Réponse % Correct
Quel pays est enclavé dans l'afrique du sud ? Lesotho
89%
Quelle est la capitale du Mali ? Bamako
76%
Selon l'opinion populaire en jouant quelle pièce Molière est-il mort ? Malade Imaginaire
68%
Quelle maladie a fait ravage en Afrique notamment en Ethiopie ? Ebola
61%
Qui était la femme de Tonny parker ? Eva longoria
61%
En quel année Cristiano ronaldo a rejoint la Juventus de Turin ? 2018
58%
Quel territoire appartenant à la france est situé sur le territoire canadien ? Saint-Pierre-et-Miquelon
50%
Quel est le deuxieme tome de Tintin ? tintin au congo
50%
Quelle est la fosse océanique la plus profonde du monde ? Fosse des mariannes
42%
A quoi correspond cette date : 52 av JC ? Bataille d'Alésia
37%
Qui présentait la roue de la fortune ? Christophe Dechavanne
34%
Qui est la femme de Hades ? Persephone
34%
Quel est le plus grand désert ? Antarctique
26%
Qui organise le talk-show Popcorn ? Domingo
26%
Quel rapeur possède le single "Arrêt du coeur" ? Kaaris
16%
Qui est le papa de Mario ? Miyamoto
13%
Quel personnage jouait-il ? Argan
11%
Quel est le système planétaire le plus proche de nous ? Proxima du Centaure
11%
Quel est le nom scientifique de la plante carnivore ? Dionée
5%
Quel est le nom du trou noir au centre de notre galaxie ? Sagittarius Astar
3%
Aucun quiz correspondant
Distribution des résultats
% des personnes avec chaque résultat
Percentile par nombre de réponses
Votre historique - résultats
Vous n’avez pas pris ce quiz